Lexical pragmatics and the lexicon (Registro nro. 68259)
[ vista simple ]
| 000 -LÍDER | |
|---|---|
| Campo fijo de descripción fija | 01851nab a2200205 i 4500 |
| 001 - NÚMERO DE CONTROL | |
| Campo de control | 768714001 |
| 003 - IDENTIFICADOR DEL NÚMERO DE CONTROL | |
| Campo de control | CO-MdFUSB |
| 005 - FECHA Y HORA DE LA ULTIMA TRANSACCIÓN | |
| control field | 20230421094251.0 |
| 008 - ELEMENTOS DE LONGITUD FIJA -- INFORMACIÓN GENERAL | |
| Campo fijo de descripción fija -- Información general | 221005s2012 -us||||| |||| 00| 0 eng d |
| 040 ## - FUENTE DE CATALOGACIÓN | |
| Idioma de catalogación | eng |
| Agencia que realiza la transcripción | CO-MdFUSB |
| Agencia que realiza la modificación | CO-MdFUSB |
| 041 ## - CÓDIGO DE IDIOMA | |
| Código de idioma para texto/pista de sonido o título separado | eng |
| 100 ## - ASIENTO PRINCIPAL--NOMBRE PERSONAL | |
| Nombre personal | Green, Gene L, |
| Término relacionador | autor |
| 245 ## - TÍTULO | |
| Título | Lexical pragmatics and the lexicon |
| Mención de responsabilidad | / Gene L. Green |
| 300 ## - DESCRIPCIÓN FÍSICA | |
| Extensión | Volumen 22, Número 3 (2012), páginas 315-333 |
| Dimensiones | ; 23 cm |
| 520 ## - NOTA DE RESUMEN, ETC. | |
| Nota de sumario, etc. | Si bien el número de nuestros recursos léxicos para la exégesis y la traducción de ambos testamentos ha crecido enormemente, nuestra comprensión de cómo significan las palabras permanece alojada en un modelo de comunicación que ha sido cuestionado en los últimos años. La forma en que entendemos la naturaleza y la relación entre los lexemas y los conceptos afectará la forma en que desarrollamos y utilizamos nuestros léxicos para la exégesis. Tradicionalmente, la semántica léxica ha orientado estos dos esfuerzos lexicográficos. Pero la investigación reciente en el campo de la pragmática léxica, discutida actualmente entre aquellos que trabajan en la Teoría de la Relevancia (RT) y otros enfoques cognitivos de la lingüística, brinda una nueva e importante guía para orientar nuestro uso del léxico y ofrece ideas valiosas que pueden ayudar a dar forma a su comprensión. diseño futuro. La pragmática léxica apunta a un nuevo enfoque dinámico y más orientado al contexto para comprender la relación entre los lexemas y los conceptos, y la naturaleza de los conceptos como construcciones ad hoc, en la comunicación del significado. |
| 630 07 - PUNTO DE ACCESO ADICIONAL DE MATERIA - TÍTULO UNIFORME | |
| Título uniforme | Biblia. |
| Subdivisión de forma | Léxicos |
| 653 ## - TÉRMINO DE INDIZACIÓN - NO CONTROLADO | |
| Término no controlado | Lingüística |
| 773 0# - ASIENTO DE ITEM FUENTE | |
| Biblionumber | 68251 |
| Itemnumber | 81338 |
| Otro identificador del ítem | R2123 |
| Título | Bulletin for Biblical research |
| Número de control del registro | (CO-MdFUSB)768714001 |
| Número Internacional Normalizado para Publicaciones Seriadas (ISSN) | 1065-223X |
| Parte(s) relacionada(s) / Volumen., número. (mes año), páginas | Volumen 22, Número 3 (2012), páginas 315-333 |
| Enumeración y primera página | páginas 315 |
| 942 ## - TIPO DE MATERIAL (KOHA) | |
| Tipo de Item KOHA | Artículos de Revista |
No hay ítems disponibles.
